| 000 | 01208nam a2200313Ia 4500 | ||
|---|---|---|---|
| 001 | ebr10201474 | ||
| 003 | CaPaEBR | ||
| 006 | m u | ||
| 007 | cr cn||||||||| | ||
| 008 | 061204s2006 njua sb 001 0 eng d | ||
| 010 | _z 2006286474 | ||
| 020 | _z9789812566850 | ||
| 020 | _z9812566856 | ||
| 040 |
_aCaPaEBR _cCaPaEBR |
||
| 035 | _a(OCoLC)299584819 | ||
| 050 | 1 | 4 |
_aRM862.7 _b.E48 2006eb |
| 245 | 0 | 0 |
_aEmerging therapeutic ultrasound _h[electronic resource] / _ceditors: Junru Wu, Wesley Nyborg. |
| 260 |
_aHackensack, N.J. : _bWorld Scientific, _cc2006. |
||
| 300 |
_axvi, 346 p. : _bill. |
||
| 504 | _aIncludes bibliographical references and index. | ||
| 533 |
_aElectronic reproduction. _bPalo Alto, Calif. : _cebrary, _d2009. _nAvailable via World Wide Web. _nAccess may be limited to ebrary affiliated libraries. |
||
| 650 | 0 |
_aUltrasonic waves _xTherapeutic use. |
|
| 650 | 0 | _aUltrasonics in medicine. | |
| 655 | 7 |
_aElectronic books. _2local |
|
| 700 | 1 |
_aNyborg, Wesley Le Mars, _d1917- |
|
| 700 | 1 | _aWu, Junru. | |
| 710 | 2 | _aebrary, Inc. | |
| 856 | 4 | 0 |
_uhttp://site.ebrary.com/lib/rucke/Doc?id=10201474 _zAn electronic book accessible through the World Wide Web; click to view |
| 999 |
_c120183 _d120183 |
||